Tranding Power : (Record no. 186514)

MARC details
000 -LEADER
fixed length control field 00696nam a22001817a 4500
005 - DATE AND TIME OF LATEST TRANSACTION
control field 20220308121231.0
010 ## - LCCN (DPL NO)
LC control number ENG-131873
020 ## - INTERNATIONAL STANDARD BOOK NUMBER
International Standard Book Number 9789389253757
Terms of availability 450.00
035 ## - SYSTEM CONTROL NUMBER
System control number EN-115405
037 ## - SOURCE OF ACQUISITION
Source of stock number/acquisition DBAD/PUB
082 ## - DEWEY DECIMAL CLASSIFICATION NUMBER
Classification number 954.790533
Item number 1
100 ## - MAIN ENTRY--PERSONAL NAME
Personal name Mody ,Priyam Gandhi
245 ## - TITLE STATEMENT
Title Tranding Power :
Remainder of title The inside story of how the people's mandate was betrayed in the 2019 maharashtra election/
Statement of responsibility, etc Mody, Priyam Gandhi
260 ## - PUBLICATION, DISTRIBUTION, ETC. (IMPRINT)
Name of publisher, distributor, etc Hachette book Publishing India pvt. Ltd
Place of publication, distribution, etc Gurugram
Date of publication, distribution, etc 2020
270 ## - ADDRESS
Address 4th &5th Floors, Corporate Center plot no. 94 Sector 44,
City Gurugram
Postal code 122003
300 ## - PHYSICAL DESCRIPTION
Extent XIX,221p.
Dimensions 20cm(Pbk)
Other physical details Acknowledgments
942 ## - ADDED ENTRY ELEMENTS (KOHA)
Source of classification or shelving scheme Dewey Decimal Classification
Item type English Books
Classification part 954.790533
Call number suffix MOD
Holdings
Withdrawn status Lost status Not for loan Collection code Home library Current library Date acquired Source of acquisition Cost, normal purchase price Full call number Barcode Copy number Cost, replacement price Koha item type
      Non-fiction Central Library Central Library 08/03/2022 DBAD/PUB 450.00 954.790533 MOD EN-115405 1 450.00 English Books

© Delhi Public Library
Hit Counter
free hit counter